02268 a2200253 4500003000500000005001700005010001700022020002200039020002500061035002100086035002400107040000900131082001200140245010300152260003600255300004000291440005500331505144100386650002501827650004601852651001101898700002401909856008101933Nust20170207154047.0 a 2008018996 a0470195908 (hbk.) a9780470195901 (hbk.) a(OCoLC)226308199 a(OCoLC)ocn226308199 cNust00a620.00100aSystem of systems engineering :innovations for the 21st century -( E-BOOK)cedited by Mo Jamshidi. aHoboken, N.J. :bWiley,cc2009. axix, 591 p. :bill., maps ;c25 cm. 0aWiley series in systems engineering and management0 a1. Introduction to System of Systems (Page-1), 2. An Open Systems Approach to System of Systems Engineering (Page-21), 3. Engineering of a System of Systems (Page-44), 4. System of Systems Architecting (Page-77), 5. Modeling and Simulation for Systems of Systems Engineering (Page-101), 6. Net Centricity and System of Systems (Page-150), 7. Emergence in System of Systems (Page-169), 8. System of Systems Management (Page-191), 9. Systems Engineering for Department of Defense Systems of Systems (Page-218)_, 10. Boeing’s SoSE Approach to e-Enabling Commercial Airlines (Page-232), 11. System of Systems Perspectives on Infrastructures (Page-257), 12. Advances in Wireless Sensor Networks: A Case Study in System of Systems Perspective (Page-275), 13. A System of Systems View of Services (Page-293), 14. System of Systems Engineering in Space Exploration (Page-317), 15. Communication and Navigation Networks in Space System of Systems (Page-348), 16. Operation and Control of Electrical Power Systems (Page-385), 17. Future Transportation Fuel System of Systems (Page-409), 18. Sustainable Environmental Management from a System of Systems Engineering Perspective (Page-443), 19. Robotic Swarms as System of Systems (Page-482), 20. Understanding Transportation as a System of Systems Problem (Page-520), 21. Health Care System of Systems (Page-542), 22. System of Systems Engineering of GEOSS (Page-551).  0aLarge scale systems. 0aTelecommunications engineering - (E-BOOK) aE-BOOK1 aJamshidi, Mohammad.413Table of contents onlyuhttp://www.loc.gov/catdir/toc/fy0903/2008018996.html